000 00887nam a22003017a 4500
003 DO-SdBNP
005 20171206100109.0
008 060721 1994 sp a spa
017 _a
_b
020 _a8439533896 (v. 2)
020 _a8439533861 (o. completa)
035 _a
040 _aBPMSU
_bspa
_cBPMSU
_e
082 4 _a
_b
092 _2
245 0 0 _aBichos :
_bdescubre el fascinante mundo de los minimonstruos /
_h
_ccoordinador general Gerard Solé
260 _aBarcelona :
_bPlaneta de Agostini,
_c1994.
_e
_f
300 _av. ;
_c28 cm.
500 _aLa biblioteca posee el volumen 2.
650 _2NOVELA INGLESA
650 4 _2MAGIA - NOVELA
650 4 _2NOVELA JUVENIL INGLESA
700 1 _aSolé, Gerard
_ecoordinador
942 _2ddc
_cBK
945 _aInventariado, 2017/MFF
956 _aYLOCKWARD
_210
_6BPMSU
_800144
980 _a
_a
_b
_j
_c
999 _c12777
_d12777